00468 2200193 4500245004600000020001800046250001100064100002100075700001900096700002300115650001700138005001900155260003100174041001400205084001300219300002200232336000900254338001100263 aThe Sound of LovecNagaoka, YoshikohText a9789792334128 aCet. 1 aNagaoka, Yoshiko aFebby Ismiyati aFebrian Anantasyah aKomik Jepang a20230202104222 aJakartabPT Gramediac2009 aIndonesia a741.5592 ailus. :c17,5 cm. atext avolume